书目信息 |
| 题名: |
征服
|
|
| 作者: | 朱尼尔 著 ;何丽枫 , 刘佳华 译 | |
| 分册: | ||
| 出版信息: | 北京 中国妇女出版社 1988.7 |
|
| 页数: | 187页 | |
| 开本: | 19cm | |
| 丛书名: | ||
| 单 册: | ||
| 中图分类: | K835.6175 , I561.4 | |
| 科图分类: | ||
| 主题词: | 文学 | |
| 电子资源: | ||
| ISBN: | 7-80016-051-3 | |
| 000 | 00926nam0 2200277 450 | |
| 001 | 1550778562 | |
| 005 | 20150126140659.21 | |
| 010 | @a7-80016-051-3@dCNY1.80 | |
| 100 | @a19921223d1988 em y0chiy0110 ea | |
| 101 | 1 | @achi@ceng |
| 102 | @aCN@b110000 | |
| 105 | @ay z 000yb | |
| 200 | 1 | @a征服@9zheng fu@e铁女人撒切尔夫人首相生涯@f(英)朱尼尔著@g何丽枫,刘佳华译 |
| 210 | @a北京@c中国妇女出版社@d1988.7 | |
| 215 | @a187页@d19cm | |
| 330 | @a本书叙述了撒切尔夫人从青年时代步入政界、经历坎坷当选保守党领袖、首相的政治生涯。 | |
| 600 | 1 | @a撒切尔@c(女,Thatcher, Margaret Hilda@f1925~)@x生平事迹 |
| 600 | 1 | @2CT@3S905305@a撒切尔@c(女,Thatcher, Margaret Hilda@f1925~) |
| 606 | 0 | @a文学 |
| 690 | @aK835.6175@v三版 | |
| 690 | @aI561.4@v4 | |
| 701 | 0 | @a朱尼尔@9zhu ni er@4著 |
| 702 | 0 | @a何丽枫@9he li feng@4译 |
| 702 | 0 | @a刘佳华@9liu jia hua@4译 |
| 801 | 0 | @aCN@bTSSF@c20150126 |
| 905 | @aZUCC@dI561.4@eJY38 | |
| 征服:铁女人撒切尔夫人首相生涯/(英)朱尼尔著/何丽枫,刘佳华译.-北京:中国妇女出版社,1988.7 |
| 187页;19cm |
| ISBN 7-80016-051-3:CNY1.80 |
| 本书叙述了撒切尔夫人从青年时代步入政界、经历坎坷当选保守党领袖、首相的政治生涯。 |
| ● |
| 相关链接 |
|
|
|
|
正题名:征服
索取号:I561.4/JY38
 
预约/预借
| 序号 | 登录号 | 条形码 | 馆藏地/架位号 | 状态 | 备注 |
| 1 | 7839228 | 278392286 | 学院路分馆/ [索取号:I561.4/JY38] | 在馆 | |
| 2 | 7839229 | 278392295 | 学院路分馆/ [索取号:I561.4/JY38] | 在馆 | |
| 3 | 7839230 | 278392302 | 学院路分馆/ [索取号:I561.4/JY38] | 在馆 |